000 00844nam a22002417a 4500
005 20250403150946.0
008 250403b |||||||| |||| 00| 0 eng d
020 _a978-1-5297-7187-9 (pbk)
037 _cTB
040 _aCRL
_cCRL
041 _2eng
_aeng
084 _aS:(L:4:31) R4
_qCRL
245 _aHealth psychology:
_bRevisiting the classic studies
260 _aLondon, UK:
_bSage,
_c2024.
300 _axiii, 261p.
365 _b26.99
_cUKP
490 _aPsychology: Revisting the classic studies
650 _aPsychology
700 _aTarrant, Mark (Editor)
_9751803
700 _aHagger, Martin S. (Editor)
_9751804
942 _2CC
_cTB
_hS:(L:4:31) R4
_n0
999 _c1308436
_d1308436